| 000 | 00689nam a2200253 a 4500 | ||
|---|---|---|---|
| 001 | 0001-1189 | ||
| 003 | ELIB.Books | ||
| 008 | 150512 2010 eng | ||
| 020 | _a9780802871015 | ||
| 035 | _a(ELIB.Books)0001-1344 | ||
| 092 |
_a226.06 _bBur |
||
| 100 | _aBurridge, Richard | ||
| 245 |
_aFour Gospels, One Jesus? _bA Symbolic Reading |
||
| 250 | _aThird Edition | ||
| 260 |
_aGrand Rapids _bWilliam B. Eerdmans Publishing Company _c2014 |
||
| 300 |
_a217 _c23 Cm |
||
| 500 | _aC/o Moe Lwei | ||
| 650 | _aNew Testament, Gospels | ||
| 856 |
_nKBTS: Library _uKBTS: Elib |
||
| 942 |
_2ddc _cBK |
||
| 990 | _a1 | ||
| 998 |
_cbat _e2015-05-12 |
||
| 999 |
_c11189 _d11189 |
||